Analysis the Impact of Physical Activity on Reducing Obesity Through Gamified Mobile App (Thesis MS) (Record no. 69107)

MARC details
000 -LEADER
fixed length control field 00435nam a22001217a 4500
100 ## - MAIN ENTRY--AUTHOR NAME
Personal name Muhammad Waseem
-- 21-MSCS-10
-- Supervisor - Prof.Dr. Muhammad Saleem Vighio
245 ## - TITLE STATEMENT
Title Analysis the Impact of Physical Activity on Reducing Obesity Through Gamified Mobile App (Thesis MS)
260 ## - PUBLICATION, DISTRIBUTION, ETC. (IMPRINT)
Place of publication Nawabshah
Name of publisher QUEST
Year of publication 2025
300 ## - PHYSICAL DESCRIPTION
Number of Pages 96p.
700 ## - ADDED ENTRY--PERSONAL NAME
Personal name Department of Computer Science
942 ## - ADDED ENTRY ELEMENTS (KOHA)
Koha item type Thesis and Dissertation
Holdings
Withdrawn status Lost status Home library Current library Date acquired Accession Number Koha item type
    Research Section Research Section 29/06/2026 MP/101-1495 Thesis and Dissertation
    Research Section Research Section 29/06/2026 MP/101-1496 Thesis and Dissertation